Toutes les Techniques de Bailong/Hakuryū D'Inazuma Eleven - Statistiques

Statistiques générales
  • Ce quiz a été pris 28 fois
  • Le résultat moyen est 8 sur 11
Statistiques - réponses
Réponse Type de quiz Première Utilisation % Correct
Ouragan Opalin TIR GO GALAXY
95%
Souffle de l'Aube TIR EG FILM 1
85%
Astral, Dragon de l'Aube Esprit Guerrier FILM 1
80%
Zéro Magnum TIR FILM 1
80%
Tourbillon du Dragon TIR FILM 2
75%
Enfant du Tonnerre TIR MIXIMAX JEUX CS
70%
Zhuge Liang MIXIMAX MANGA / JEUX CS
65%
Arthur, Le Paladin Sacré Esprit Guerrier FILM 1
60%
Lame Mythique TIR EG FILM 1
55%
Opale, Protectrice Céleste Esprit Guerrier MIXIMAX JEUX CS
55%
Orage ATT EG JEUX CS
35%
Aucun quiz correspondant
Distribution des résultats
% des personnes avec chaque résultat
Percentile par nombre de réponses
Votre historique - résultats
Vous n’avez pas pris ce quiz